|
|
|
|
| LEADER |
00000naa2a2200000 4500 |
| 001 |
121954 |
| 005 |
20231031125745.0 |
| 035 |
|
|
|a (RuTPU)RU\TPU\book\132064
|
| 090 |
|
|
|a 121954
|
| 100 |
|
|
|a 20070924d2006 k y0rusy50 ca
|
| 101 |
0 |
|
|a rus
|
| 102 |
|
|
|a RU
|
| 200 |
1 |
|
|a Баланс национальных интересов в политике и экономике российских реформ
|f Ю. С. Нехорошев
|
| 463 |
|
0 |
|0 (RuTPU)RU\TPU\book\116890
|t Экономика России в XXI веке
|o сборник научных трудов III Всероссийской научно-практической конференции "Теоретические проблемы экономической безопасности России в XXI веке"
|f Томский политехнический университет, Инженерно-экономический факультет; под ред. Г. А. Барышевой, Л. М. Борисовой
|v С. 3-7
|d 2006
|p 340 с.
|
| 610 |
1 |
|
|a национальные интересы
|
| 610 |
1 |
|
|a политика
|
| 610 |
1 |
|
|a экономика
|
| 610 |
1 |
|
|a реформы
|
| 610 |
1 |
|
|a Россия
|
| 610 |
1 |
|
|a труды учёных ТПУ
|
| 700 |
|
1 |
|a Нехорошев
|b Ю. С.
|c российский экономист
|c Заслуженный профессор Томского политехнического университета
|f 1930-
|g Юрий Сергеевич
|2 stltpush
|3 (RuTPU)RU\TPU\pers\19847
|
| 801 |
|
1 |
|a RU
|b 63413507
|c 20070924
|g PSBO
|
| 801 |
|
2 |
|a RU
|b 63413507
|c 20130205
|g RCR
|
| 942 |
|
|
|c BK
|